| 000 | 00792nam a22001577a 4500 | ||
|---|---|---|---|
| 003 | OSt | ||
| 005 | 20151019161406.0 | ||
| 008 | 151019b xxu||||| |||| 00| 0 eng d | ||
| 040 | _cRUA | ||
| 082 | _aAVM NAN 2009 B087 Or.1 | ||
| 100 |
_92476 _aNANG, BUNTHA. |
||
| 245 | _aEffect of ensiling cassava foliage and sweet potato vine on digestibility and N retention for growing goats, ឥទ្ធិពលនៃស្លឹកដំឡូងមីផ្ធាប់ និងដំឡូងជ្វាផ្អាច់ទៅលើកំរិតនៃការរំលាយ និងការរក្សាទុកអាសូតរបស់ពពែកំពុងលូតលាស់ | ||
| 260 |
_aPhnom Penh _bRUA _c2009 |
||
| 300 |
_ax; 39p. _bill. _c29cm. |
||
| 942 |
_2ddc _cAVM |
||
| 999 |
_c2331 _d2331 |
||